000
00260nam a2200109Ia 4500
008
220204s9999 xx 000 0 und d
082
_a
82-3
_b
FOR
100
_a
Forsyth, Frederick
245
4
_a
The Fourth protocol
260
_a
London
_b
Corgi
_c
1984
942
_c
BK
999
_c
38577
_d
38577